Innovation in management : (Record no. 78013)

MARC details
000 -LEADER
fixed length control field 01216nam a22002897a 4500
005 - DATE AND TIME OF LATEST TRANSACTION
control field 20130930120322.0
010 ## - LCCN (DPL NO)
LC control number ENG-108138
020 ## - INTERNATIONAL STANDARD BOOK NUMBER
International Standard Book Number 9788184247619
Terms of availability 900.00
035 ## - SYSTEM CONTROL NUMBER
System control number EN-91671
037 ## - SOURCE OF ACQUISITION
Source of stock number/acquisition DBAD/PUB
082 ## - DEWEY DECIMAL CLASSIFICATION NUMBER
Classification number 658.406
245 ## - TITLE STATEMENT
Title Innovation in management :
Statement of responsibility, etc edited by M.S. Rangaraju [and] S. Hanuman Kennedy
Remainder of title challenges and opportunities in the next decade /
260 ## - PUBLICATION, DISTRIBUTION, ETC. (IMPRINT)
Place of publication, distribution, etc New Delhi
Name of publisher, distributor, etc Allied Publishers
Date of publication, distribution, etc (201?)
270 ## - ADDRESS
City New Delhi
Postal code 110002
Address 1/13-14 Asaf Ali Road
300 ## - PHYSICAL DESCRIPTION
Extent xvii,412p. :
Dimensions 25cm(Hb)
Other physical details ill.
500 ## - GENERAL NOTE
General note "PES Institute of Technology"--Cover.
500 ## - GENERAL NOTE
General note Includes bibliographical references and index.
505 ## - FORMATTED CONTENTS NOTE
Formatted contents note Section 1. Academicians and researchers -- section 2. Amateur authors.
520 ## - SUMMARY, ETC.
Summary, etc Papers presented at the International Conference on "Innovation in Management: Opportunities and Challenges", held at Bangalore in 2011.
650 ## - SUBJECT ADDED ENTRY--TOPICAL TERM
Topical term or geographic name as entry element Organizational change
Form subdivision Congresses.
650 ## - SUBJECT ADDED ENTRY--TOPICAL TERM
Topical term or geographic name as entry element Management
Form subdivision Congresses.
650 ## - SUBJECT ADDED ENTRY--TOPICAL TERM
Topical term or geographic name as entry element Manpower planning
Form subdivision Congresses.
700 ## - ADDED ENTRY--PERSONAL NAME
Personal name Rangaraju, M. S.
700 ## - ADDED ENTRY--PERSONAL NAME
Personal name Kennedy, S. Hanuman
710 ## - ADDED ENTRY--CORPORATE NAME
Corporate name or jurisdiction name as entry element PES Institute of Technology (Bangalore, India)
942 ## - ADDED ENTRY ELEMENTS (KOHA)
Source of classification or shelving scheme Dewey Decimal Classification
Item type English Books
Call number suffix INN
Classification part 658.406
Holdings
Withdrawn status Lost status Not for loan Collection code Home library Current library Date acquired Source of acquisition Cost, normal purchase price Full call number Barcode Copy number Cost, replacement price Koha item type
    Not For Loan Non-fiction D.B.Act.Division D.B.Act.Division 24/07/2013 DBAD/PUB 900.00 68.406 INN EN-91671 1 900.00 English Books

© Delhi Public Library
Hit Counter
free hit counter